000 00278nam a22001337a 4500
008 171005b xxu||||| |||| 00| 0 eng d
020 _a9780345472328
041 _aeng
080 _a519.9
100 _a49
101 _aPSI
245 _aMINDSET
_cDWECK,C.S
942 _2udc
_cBK
999 _c31979
_d31979